|
|
|
|
| LEADER |
00000nab a2200000 a 4500 |
| 001 |
vtls000344837 |
| 003 |
SK-MaSNL |
| 005 |
20260303184716.0 |
| 008 |
140716c1988 xo 0 slo |
| 015 |
|
|
|a SNBRB19rr/mm-uuuuu
|
| 035 |
|
|
|a CL0344959
|
| 040 |
|
|
|a SNKBUCL
|b slo
|c SNKBUCL
|e AACR2
|
| 041 |
0 |
|
|a slo
|
| 044 |
|
|
|a xo
|c SK
|
| 080 |
|
|
|a 69:002:330.131.5
|2 1981
|
| 080 |
|
|
|a 002
|2 1981
|
| 080 |
|
|
|a 330.131.5
|2 1981
|
| 100 |
1 |
|
|a Delewski, Jerzy
|4 aut
|9 1215132
|
| 245 |
1 |
0 |
|a Informačná podmienenosť ekonomického rozvoja stavebných podnikov
|c Jerzy Delewski
|
| 300 |
|
|
|b Sch. 1. Res. rus., nem., angl.
|
| 650 |
0 |
7 |
|a stavebné podniky
|2 snkbucl
|9 4036
|
| 650 |
0 |
7 |
|a riadenie
|2 snkbucl
|9 924
|
| 655 |
|
7 |
|a články z novín a časopisov
|2 snkbucl
|9 267496
|
| 773 |
0 |
|
|t Ekonomika stavebníctva
|g Roč. 23, č. 5-6 (1988), s. 166-168
|
| 850 |
|
|
|a Slovenská národná knižnica v Martine
|a MTA001
|
| 852 |
|
|
|a SNK
|b KIS3GCP
|
| 958 |
|
|
|a RK
|
| 992 |
|
|
|a RBX
|
| 999 |
|
|
|c 2127721
|d 2129651
|